| 000 | 00617nam a2200181 a 4500 | ||
|---|---|---|---|
| 005 | 20230524063640.0 | ||
| 008 | 991125s1974 ag 000 0 spa u | ||
| 035 | _aUPN01000009129 | ||
| 049 | _aCG | ||
| 050 | 4 |
_aLB1589 A7 _bF3.2 |
|
| 100 | 1 | _aFasce, Jorge A. | |
| 245 | 1 | 0 |
_aCómo enseñar matemática moderna en la escuela primaria / _cJorge A. Fasce, Rolando A. Martiñá. |
| 260 |
_aBuenos Aires : _bEl Ateneo, _c1974. |
||
| 300 |
_a121 p. : _bil. |
||
| 440 | 0 |
_aBiblioteca nuevas orientaciones. _pGuía para la actividad escolar |
|
| 650 | 4 |
_aMatemáticas _xEstudio y enseñanza (Elemental) _92809 |
|
| 905 | _aLibro | ||
| 999 |
_c9129 _d9129 |
||